[Event "2.Nord-West-Cup"]
[Site "?"]
[Date "2000.02.13"]
[Round "6"]
[White "Krause, Thomas"]
[Black "Sulskis, Giedrius"]
[Result "1/2-1/2"]
[WhiteElo "2144"]
[BlackElo "2223"]
[PlyCount "99"]

1. Nf3 Nf6 2. c4 e6 3. g3 b6 4. Bg2 Bb7 5. Nc3 Bb4 6. O-O O-O 7. Qc2 Bxc3 8.
Qxc3 d6 9. d4 Be4 10. b3 Nbd7 11. Nd2 Bxg2 12. Kxg2 e5 13. dxe5 dxe5 14. Ba3
Re8 15. Rfd1 c5 16. Bb2 Qc7 17. f3 Nb8 18. Qc2 Nc6 19. Ne4 Nxe4 20. Qxe4 Rad8
21. Rd5 f6 22. Rad1 Ne7 23. R5d3 a5 24. g4 g5 25. Bc3 Kg7 26. e3 Nc6 27. Rxd8
Rxd8 28. Rxd8 Nxd8 29. h4 gxh4 30. g5 h3+ 31. Kh2 Nc6 32. gxf6+ Kxf6 33. Qh4+
Kg6 34. Qg4+ Kf6 35. f4 Qd6 36. Qg5+ Kf7 37. Qf5+ Ke8 38. Qxh7 exf4 39. Qe4+
Kd7 40. Qf5+ Qe6 41. Qxf4 Ne7 42. e4 Qg6 43. Kxh3 Qh7+ 44. Qh4 Qf7 45. Qg4+ Kc6
46. Kg2 Kb7 47. Be1 Nc6 48. Bg3 a4 49. bxa4 Na5 50. e5 1/2-1/2

[Event "2.Nord-West-Cup"]
[Site "?"]
[Date "2000.02.10"]
[Round "1"]
[White "Kritz, Leonid"]
[Black "Gormann, Stephen"]
[Result "1-0"]
[WhiteElo "2281"]
[BlackElo "1838"]
[PlyCount "55"]

1. e4 c5 2. Nf3 a6 3. c4 e6 4. Nc3 Ne7 5. d4 cxd4 6. Nxd4 g6 7. Be2 Bg7 8. O-O
Qc7 9. Be3 b6 10. Nb3 Nbc6 11. Qd2 O-O 12. f4 d6 13. Rac1 Qb7 14. Na4 b5 15.
Nb6 Rb8 16. cxb5 axb5 17. Bxb5 d5 18. Bxc6 Nxc6 19. exd5 exd5 20. Qxd5 Nb4 21.
Qxb7 Bxb7 22. Bc5 Nxa2 23. Ra1 Rfc8 24. Nxc8 Rxc8 25. Rfd1 Ba6 26. Rxa2 Bc4 27.
Rda1 Bxb3 28. Ra8 1-0

[Event "2.Nord-West-Cup"]
[Site "?"]
[Date "2000.02.12"]
[Round "5"]
[White "Kritz, Leonid"]
[Black "Hammes, Michael"]
[Result "1/2-1/2"]
[WhiteElo "2281"]
[BlackElo "2388"]
[PlyCount "24"]

1. e4 e6 2. d4 d5 3. Nc3 Bb4 4. exd5 exd5 5. Bd3 c6 6. Nf3 Ne7 7. O-O O-O 8.
Bd2 Bd6 9. Re1 Bf5 10. Bg5 f6 11. Bh4 Qd7 12. Bg3 Bxd3 1/2-1/2

[Event "2.Nord-West-Cup"]
[Site "?"]
[Date "2000.02.11"]
[Round "2"]
[White "Krumwiede, Karsten"]
[Black "Reimer, Karl"]
[Result "1-0"]
[WhiteElo "1994"]
[BlackElo "1586"]
[PlyCount "91"]

1. d4 Nf6 2. Nf3 g6 3. c4 c5 4. d5 b5 5. cxb5 a6 6. bxa6 Bxa6 7. Nc3 d6 8. e4
Bxf1 9. Kxf1 Bg7 10. g3 Nbd7 11. Kg2 O-O 12. Re1 Qc7 13. h3 Rfb8 14. Re2 Rb7
15. Rc2 Qb8 16. Qe2 Nb6 17. Nd2 Nfd7 18. a3 Ne5 19. f4 Ned7 20. Ra2 Na4 21.
Nxa4 Rxa4 22. b3 Raa7 23. Bb2 Nf6 24. Bc3 h5 25. a4 Kh7 26. a5 Rb5 27. Ra4 Qb7
28. Rca2 Ra6 29. Qf3 Qd7 30. R2a3 Qb7 31. Qd3 e6 32. dxe6 fxe6 33. Kh2 d5 34.
exd5 exd5 35. Be5 Bf8 36. Bxf6 Rxf6 37. a6 Qc6 38. a7 c4 39. bxc4 dxc4 40. Qxc4
Rb2 41. Qxc6 Rxd2+ 42. Qg2 Rxg2+ 43. Kxg2 Rc6 44. a8=Q Rc2+ 45. Kf3 Bc5 46.
Ra7+ 1-0

[Event "2.Nord-West-Cup"]
[Site "?"]
[Date "2000.02.12"]
[Round "4"]
[White "Krumwiede, Karsten"]
[Black "Wittje, Berthold"]
[Result "0-1"]
[WhiteElo "1994"]
[BlackElo "2221"]
[PlyCount "92"]

1. d4 Nf6 2. c4 e6 3. Nc3 Bb4 4. e3 O-O 5. Bd3 c5 6. a3 Bxc3+ 7. bxc3 Nc6 8.
Ne2 e5 9. O-O Re8 10. f3 d6 11. d5 Na5 12. Ng3 b6 13. e4 Ba6 14. Qe2 Nd7 15.
Be3 Nf8 16. Nh1 Qd7 17. a4 Rad8 18. Nf2 Ng6 19. g3 Bc8 20. Kh1 Qe7 21. Rae1 Rf8
22. Rg1 f5 23. exf5 Bxf5 24. Ne4 Qd7 25. Ra1 h6 26. Ra2 Ne7 27. Bf2 Bg6 28. g4
Bh7 29. Bh4 Rf4 30. Bxe7 Qxe7 31. Rg3 Rdf8 32. Ra1 Qd7 33. g5 hxg5 34. Nxg5
Bxd3 35. Qxd3 Qf5 36. Qxf5 R4xf5 37. Ne6 R8f7 38. Rag1 Rxf3 39. Rxg7+ Rxg7 40.
Rxg7+ Kh8 41. Rxa7 Rxc3 42. Ng5 Nxc4 43. Rd7 Rd3 44. Ne4 Ne3 45. h4 Nxd5 46.
Rxd6 Rd4 0-1

[Event "2.Nord-West-Cup"]
[Site "?"]
[Date "2000.02.13"]
[Round "6"]
[White "Krumwiede, Karsten"]
[Black "Teixeira, Jose"]
[Result "1-0"]
[WhiteElo "1994"]
[BlackElo "1732"]
[PlyCount "109"]

1. d4 Nf6 2. c4 d6 3. Nf3 g6 4. Nc3 Bg7 5. e4 O-O 6. Be2 e5 7. O-O Nc6 8. d5
Ne7 9. Ne1 Nd7 10. Nd3 f5 11. Bd2 Nf6 12. f3 f4 13. g4 g5 14. Rc1 h5 15. h3 Ng6
16. Be1 hxg4 17. hxg4 Kf7 18. Kg2 Rh8 19. Bf2 Nh4+ 20. Bxh4 Rxh4 21. Rh1 Qh8
22. Rxh4 Qxh4 23. Qe1 Qxe1 24. Rxe1 Bd7 25. Rc1 Bf8 26. Bd1 Ne8 27. Ba4 Bxa4
28. Nxa4 Rd8 29. Rc3 Nf6 30. Rb3 Rb8 31. c5 Be7 32. cxd6 cxd6 33. Nc3 a6 34.
Nb1 Ne8 35. Rc3 Rd8 36. Na3 Rd7 37. Rc8 Rd8 38. Rc1 Rd7 39. Nc4 Rc7 40. Na5
Rxc1 41. Nxc1 b6 42. Nc6 Nc7 43. Kf2 Ke8 44. Nd3 a5 45. Ke2 Nb5 46. Kd2 Kd7 47.
b3 Bd8 48. a4 Nc7 49. Nb2 Na6 50. Nd3 Nc5 51. Nxc5+ bxc5 52. Kc3 Bc7 53. Kc4
Ke8 54. Kb5 Kd7 55. Nxa5 1-0

[Event "2.Nord-West-Cup"]
[Site "?"]
[Date "2000.02.11"]
[Round "2"]
[White "Kuenzler, Thomas"]
[Black "Wind, Michael"]
[Result "0-1"]
[WhiteElo "2051"]
[BlackElo "1640"]
[PlyCount "78"]

1. e4 c6 2. c4 d5 3. exd5 cxd5 4. cxd5 Nf6 5. Qa4+ Nbd7 6. Nc3 g6 7. Nf3 Bg7 8.
d4 O-O 9. Qb3 Nb6 10. Bg5 Nfxd5 11. Nxd5 Qxd5 12. Qxd5 Nxd5 13. Bc4 e6 14. O-O
b6 15. Bb5 Bb7 16. Rac1 h6 17. Bh4 g5 18. Bg3 Rac8 19. h4 Rxc1 20. Rxc1 Rc8 21.
Rxc8+ Bxc8 22. hxg5 hxg5 23. Be5 f6 24. Bd6 g4 25. Ne1 Kf7 26. Nd3 Bf8 27. Bb8
a6 28. Bc4 Bb7 29. Kh2 b5 30. Bb3 Kg6 31. Kg3 Kg5 32. Nf4 Nxf4 33. Bxf4+ Kf5
34. Bd1 Bd5 35. a3 Ke4 36. Be3 Bd6+ 37. Kxg4 Kd3 38. g3 Bc7 39. Bf3 f5+ 0-1

[Event "2.Nord-West-Cup"]
[Site "?"]
[Date "2000.02.12"]
[Round "4"]
[White "Kuenzler, Thomas"]
[Black "Campe, Herbert"]
[Result "1-0"]
[WhiteElo "2051"]
[BlackElo "1601"]
[PlyCount "33"]

1. e4 c5 2. Nf3 d6 3. d4 cxd4 4. Nxd4 Nf6 5. Nc3 g6 6. f4 Bg7 7. e5 dxe5 8.
fxe5 Nd5 9. Bb5+ Kf8 10. Qf3 Nxc3 11. O-O f6 12. Qxc3 Nc6 13. Nxc6 bxc6 14.
exf6 exf6 15. Bxc6 Rb8 16. Bf4 Rb6 17. Rad1 1-0

[Event "2.Nord-West-Cup"]
[Site "?"]
[Date "2000.02.13"]
[Round "6"]
[White "Kuenzler, Thomas"]
[Black "Heinemann, Ernst"]
[Result "0-1"]
[WhiteElo "2051"]
[BlackElo "2215"]
[PlyCount "66"]

1. e4 c5 2. Nf3 Nf6 3. Nc3 d5 4. exd5 Nxd5 5. Bb5+ Nc6 6. O-O Bg4 7. Ne4 Qb6 8.
Bxc6+ Qxc6 9. d3 f6 10. Re1 O-O-O 11. Bd2 h5 12. a4 e5 13. h3 Bd7 14. h4 Bg4
15. Be3 Kb8 16. c3 Be7 17. Ned2 Bd6 18. Qc2 Rhe8 19. a5 Bc7 20. Qb3 Nxe3 21.
Rxe3 e4 22. dxe4 Bf4 23. Re2 Rd3 24. a6 b6 25. e5 fxe5 26. Qc4 Red8 27. Rxe5
Bxd2 28. Nd4 Qg6 29. Re7 Bh3 30. Rb7+ Ka8 31. g3 Rxg3+ 32. Kh2 Rg2+ 33. Kh1
Rh2+ 0-1

[Event "2.Nord-West-Cup"]
[Site "?"]
[Date "2000.02.10"]
[Round "1"]
[White "Kumeth, Hartmut"]
[Black "Schmidt, Harald"]
[Result "0-1"]
[WhiteElo "1739"]
[BlackElo "2215"]
[PlyCount "86"]

1. d4 d5 2. Nf3 Nf6 3. e3 c5 4. Bb5+ Bd7 5. Bxd7+ Nbxd7 6. O-O Qc7 7. c3 e6 8.
Nbd2 cxd4 9. exd4 Bd6 10. Re1 O-O 11. Nf1 b5 12. a3 a5 13. Bd2 Ne4 14. Ng3 Nxd2
15. Qxd2 Bf4 16. Qe2 Qc4 17. Qxc4 bxc4 18. Ne2 Bd6 19. g3 Rab8 20. Reb1 Rb7 21.
Nd2 Rfb8 22. Ra2 a4 23. Kf1 f6 24. f4 Kf7 25. Kf2 h6 26. h4 g5 27. Nf3 g4 28.
Nh2 Rb3 29. Nxg4 h5 30. Ne3 Rxa3 31. Rxa3 Bxa3 32. Nd1 Bxb2 33. Nxb2 a3 34.
Nxc4 Rxb1 35. Nxa3 Rb2 36. c4 Kg6 37. c5 Nb8 38. Kf1 Nc6 39. f5+ Kxf5 40. Nf4
Nxd4 41. Nxh5 Ra2 42. Ng7+ Kg6 43. Nxe6 Nxe6 0-1

[Event "2.Nord-West-Cup"]
[Site "?"]
[Date "2000.02.11"]
[Round "3"]
[White "Kumeth, Hartmut"]
[Black "Campe, Uwe"]
[Result "0-1"]
[WhiteElo "1739"]
[BlackElo "1684"]
[PlyCount "56"]

1. d4 d5 2. Nf3 Nf6 3. e3 e6 4. c4 c6 5. Nc3 Nbd7 6. cxd5 exd5 7. Bd3 Be7 8.
O-O O-O 9. e4 dxe4 10. Bxe4 Nxe4 11. Nxe4 Nf6 12. Ng3 Bg4 13. Be3 Qd5 14. Re1
Bb4 15. Bd2 Bxf3 16. gxf3 Qxd4 17. Bxb4 Qxb4 18. Re2 Rad8 19. Qc2 Rfe8 20. Rae1
Qxe1+ 21. Rxe1 Rxe1+ 22. Kg2 Nd5 23. Qc4 b5 24. Qh4 Rde8 25. Ne4 h6 26. Qg4 Re6
27. Qf5 Re2 28. h4 Ne3+ 0-1

[Event "2.Nord-West-Cup"]
[Site "?"]
[Date "2000.02.12"]
[Round "4"]
[White "Kumeth, Hartmut"]
[Black "Meis, Eric"]
[Result "1/2-1/2"]
[WhiteElo "1739"]
[BlackElo "1932"]
[PlyCount "106"]

1. d4 Nf6 2. Nf3 g6 3. c4 Bg7 4. Nc3 d5 5. e3 O-O 6. cxd5 Nxd5 7. Bc4 Nxc3 8.
bxc3 c5 9. O-O Nc6 10. Bb2 Rb8 11. Qe2 Qa5 12. a4 a6 13. Rfc1 Qc7 14. Ba3 Na5
15. Ba2 b6 16. Rab1 Bb7 17. e4 Bc6 18. Qc2 Bh6 19. Re1 cxd4 20. cxd4 Rfc8 21.
Ne5 Be8 22. Qxc7 Rxc7 23. Bc1 Bxc1 24. Rexc1 Rbc8 25. Rxc7 Rxc7 26. f3 e6 27.
d5 Rc2 28. Ra1 Kg7 29. g3 Rc3 30. f4 Bxa4 31. dxe6 Ra3 32. f5 Nb3 33. Nc4 Nxa1
34. Nxa3 fxe6 35. Bxe6 Bb3 36. Bc8 a5 37. fxg6 hxg6 38. Kf2 Nc2 39. Nxc2 Bxc2
40. Ke3 Kf6 41. Kd4 a4 42. e5+ Ke7 43. Kc3 Bb3 44. Kb4 b5 45. Bg4 Be6 46. Be2
Bd7 47. h4 Be8 48. Bg4 Kf8 49. Be2 Kg7 50. Bf1 g5 51. hxg5 Kf7 52. Bd3 Ke6 53.
g6 Ke7 1/2-1/2

[Event "2.Nord-West-Cup"]
[Site "?"]
[Date "2000.02.13"]
[Round "7"]
[White "Kumeth, Hartmut"]
[Black "Lammers, Markus"]
[Result "1/2-1/2"]
[WhiteElo "1739"]
[BlackElo "1265"]
[PlyCount "119"]

1. d4 d5 2. Nf3 g6 3. c4 c6 4. cxd5 cxd5 5. Nc3 Bg7 6. e3 a6 7. Be2 Nf6 8. O-O
O-O 9. Qb3 Nc6 10. Bd2 e6 11. Rac1 Re8 12. Rfd1 Re7 13. Na4 Rc7 14. Bb4 Nxb4
15. Qxb4 Bf8 16. Qb6 Bd6 17. Ne5 Ne8 18. Nd3 Bd7 19. Nac5 Rb8 20. Rc3 Qe7 21.
Rdc1 Bb5 22. Nb3 Rbc8 23. Rxc7 Bxc7 24. Qa7 b6 25. g3 Nd6 26. Nf4 Bd8 27. Qxe7
Rxc1+ 28. Nxc1 Bxe7 29. Bxb5 Nxb5 30. Nfd3 f6 31. f4 Kf7 32. Kf2 h5 33. Ne2 a5
34. Nc3 Nxc3 35. bxc3 Ba3 36. Kf3 Ke7 37. g4 hxg4+ 38. Kxg4 Kf7 39. Kf3 b5 40.
e4 dxe4+ 41. Kxe4 Bd6 42. h3 Kg7 43. d5 exd5+ 44. Kxd5 Be7 45. Kc6 b4 46. cxb4
axb4 47. Kb5 Bd6 48. Kc6 Bb8 49. Kc5 Kh6 50. Kxb4 Kh5 51. Kc4 Kh4 52. a4 Kxh3
53. a5 g5 54. fxg5 fxg5 55. Kd5 Ba7 56. Ke4 g4 57. a6 g3 58. Ne1 Kg4 59. Ng2
Bf2 60. Nf4 1/2-1/2

[Event "2.Nord-West-Cup"]
[Site "?"]
[Date "2000.02.11"]
[Round "3"]
[White "Kyeck, Christopher"]
[Black "Paust, Wolf-Dieter"]
[Result "0-1"]
[WhiteElo "1877"]
[BlackElo "2133"]
[PlyCount "48"]

1. d4 d5 2. c4 dxc4 3. e4 Nf6 4. Nc3 e5 5. Nf3 exd4 6. Qxd4 Qxd4 7. Nxd4 Bc5 8.
Nc2 Ng4 9. Bxc4 Bxf2+ 10. Ke2 Bb6 11. Bf4 Nc6 12. h3 Nge5 13. Bd5 Be6 14. Rad1
O-O-O 15. b4 Rhe8 16. Rhe1 Ng6 17. Bxe6+ Rxe6 18. Kf3 Nxf4 19. Kxf4 Rf6+ 20.
Kg4 Ne5+ 21. Kg5 c6 22. Re2 Rxd1 23. Nxd1 Bd8 24. Nc3 Rf3+ 0-1

[Event "2.Nord-West-Cup"]
[Site "?"]
[Date "2000.02.12"]
[Round "5"]
[White "Kyeck, Christopher"]
[Black "Schluchter, Steffen"]
[Result "0-1"]
[WhiteElo "1877"]
[BlackElo "2183"]
[PlyCount "76"]

1. Nf3 Nf6 2. g3 b6 3. Bg2 Bb7 4. d4 e6 5. O-O Be7 6. Nbd2 c5 7. c3 O-O 8. Re1
d5 9. Nf1 Nbd7 10. Bf4 Ne4 11. N3d2 f5 12. f3 Nef6 13. e4 Nh5 14. Be3 f4 15.
Bf2 cxd4 16. cxd4 e5 17. g4 Nhf6 18. exd5 exd4 19. Nb3 Bb4 20. Nfd2 Nc5 21.
Bxd4 Nxb3 22. axb3 Qxd5 23. Bc3 Bc5+ 24. Kh1 Nxg4 25. Ne4 Qxe4 26. Qd7 Nf2+ 27.
Kg1 Qg6 28. Qxb7 Nd3+ 29. Kh1 Nf2+ 30. Kg1 Ne4+ 31. Kf1 Nxc3 32. bxc3 Qd3+ 33.
Re2 Rae8 34. Qa6 b5 35. Qa2 Rxe2 36. Qxe2 Qxc3 37. Qe6+ Kh8 38. Rd1 Qc2 0-1

[Event "2.Nord-West-Cup"]
[Site "?"]
[Date "2000.02.13"]
[Round "7"]
[White "Kyeck, Christopher"]
[Black "Kerker, Andreas"]
[Result "1/2-1/2"]
[WhiteElo "1877"]
[BlackElo "2195"]
[PlyCount "111"]

1. c4 g6 2. Nc3 e5 3. g3 Bg7 4. Bg2 f5 5. d3 Nf6 6. Nf3 d6 7. Bg5 h6 8. Bd2 O-O
9. O-O Nc6 10. a3 Be6 11. Qb3 Rb8 12. Qc2 g5 13. e3 Ne7 14. Rac1 Ng6 15. Nd5 c6
16. Nxf6+ Qxf6 17. Bc3 Qf7 18. b3 f4 19. exf4 gxf4 20. Nd2 Qd7 21. Be4 Bf5 22.
f3 fxg3 23. hxg3 Ne7 24. f4 Bh3 25. Bg2 Qg4 26. Ne4 Bxg2 27. Qxg2 exf4 28. gxf4
Qxg2+ 29. Kxg2 Bxc3 30. Rxc3 d5 31. Nc5 Rf5 32. d4 dxc4 33. bxc4 Ng6 34. Rg3
Kf7 35. Nd7 Rd8 36. Ne5+ Nxe5 37. dxe5 Rd2+ 38. Kf3 Rd4 39. Kg4 Ke6 40. Rc3 h5+
41. Kg3 c5 42. Rf2 b6 43. Rf1 Re4 44. Rf2 Rd4 45. Rf1 Rd2 46. Rff3 Rd4 47. Rf1
Kd7 48. Rff3 Kc7 49. Rf1 a6 50. Rff3 b5 51. cxb5 axb5 52. Rce3 b4 53. e6 Rd8
54. e7 Re8 55. axb4 cxb4 56. Re4 1/2-1/2

[Event "2.Nord-West-Cup"]
[Site "?"]
[Date "2000.02.10"]
[Round "1"]
[White "Lammers, Markus"]
[Black "Fleischer, Uwe"]
[Result "0-1"]
[WhiteElo "1265"]
[BlackElo "2088"]
[PlyCount "72"]

1. e4 c5 2. d4 cxd4 3. c3 Nf6 4. e5 Nd5 5. cxd4 e6 6. Nf3 Nc6 7. a3 d6 8. exd6
Bxd6 9. Nc3 Be7 10. Bd3 Bf6 11. Be4 O-O 12. O-O h6 13. Re1 Nce7 14. Bc2 Re8 15.
Qd3 Ng6 16. Bd2 b6 17. Ne5 Bxe5 18. Rxe5 Nf6 19. Re2 Bb7 20. Qg3 Ba6 21. Bxg6
Bxe2 22. Bxh6 fxg6 23. Qxg6 Qe7 24. Nxe2 Qf7 25. Qg5 Kh7 26. Bxg7 Qxg7 27. Qh4+
Qh6 28. Qg3 Rg8 29. Qd3+ Kh8 30. Re1 Qh7 31. Qf3 Raf8 32. h3 Nd5 33. Qb3 Qf5
34. Nf4 Nxf4 35. Qe3 Rxg2+ 36. Kf1 Rfg8 0-1

[Event "2.Nord-West-Cup"]
[Site "?"]
[Date "2000.02.12"]
[Round "4"]
[White "Lammers, Markus"]
[Black "Kyeck, Christopher"]
[Result "0-1"]
[WhiteElo "1265"]
[BlackElo "1877"]
[PlyCount "80"]

1. e4 c5 2. d4 cxd4 3. c3 dxc3 4. Nxc3 Nc6 5. Nf3 e6 6. Bc4 a6 7. Be3 b5 8. Bb3
Nf6 9. O-O b4 10. Na4 Nxe4 11. Re1 f5 12. Nb6 Rb8 13. Nxc8 Rxc8 14. Qd3 Be7 15.
Qxa6 Nc5 16. Bxc5 Bxc5 17. Rac1 Ne7 18. Qb5 Qb6 19. Qxb6 Bxb6 20. Rxc8+ Nxc8
21. Ba4 Ke7 22. Rd1 d6 23. Nd4 Bc5 24. Bb3 d5 25. Nxe6 Kxe6 26. Rxd5 Bd6 27. a4
bxa3 28. bxa3 Kf6 29. a4 Rd8 30. a5 Re8 31. g3 Re5 32. a6 Rxd5 33. Bxd5 Bc5 34.
Kg2 Ke5 35. Bc4 Nd6 36. Be2 g5 37. h3 Ne4 38. f3 Nc3 39. Bd3 Nd5 40. g4 Nf4+
0-1

[Event "2.Nord-West-Cup"]
[Site "?"]
[Date "2000.02.13"]
[Round "6"]
[White "Lammers, Markus"]
[Black "Mursajew, Anatoli"]
[Result "1-0"]
[WhiteElo "1265"]
[BlackElo "1601"]
[PlyCount "57"]

1. e4 e6 2. d4 c5 3. Nf3 Nc6 4. d5 exd5 5. exd5 Qe7+ 6. Be2 Ne5 7. O-O d6 8.
Nxe5 dxe5 9. Re1 Qc7 10. Bb5+ Bd7 11. Bxd7+ Kxd7 12. Qh5 f6 13. Qf7+ Ne7 14.
Qe6+ Ke8 15. d6 Qc6 16. Rd1 Rd8 17. Nc3 Rd7 18. Rd3 h5 19. Be3 b6 20. Rad1 h4
21. h3 g5 22. Nd5 Rh6 23. Nxf6+ Rxf6 24. Qxf6 Nc8 25. Qg6+ Kd8 26. Bxg5+ Ne7
27. dxe7+ Bxe7 28. Bxe7+ Kc7 29. Qxc6+ 1-0

[Event "2.Nord-West-Cup"]
[Site "?"]
[Date "2000.02.11"]
[Round "2"]
[White "Lamprecht, Mark"]
[Black "Jugelt, Tobias"]
[Result "1/2-1/2"]
[WhiteElo "2140"]
[BlackElo "2386"]
[PlyCount "114"]

1. c4 c6 2. Nc3 d5 3. e3 Nf6 4. Nf3 e6 5. d4 Nbd7 6. Qc2 Be7 7. Be2 b6 8. O-O
Bb7 9. b3 O-O 10. Bb2 Rc8 11. e4 dxe4 12. Nxe4 c5 13. Bd3 cxd4 14. Bxd4 Nd5 15.
Qd2 Nb4 16. Rad1 Nc5 17. Bxc5 bxc5 18. Bb1 Qxd2 19. Rxd2 Rfd8 20. Rfd1 Nxa2 21.
Rxd8+ Bxd8 22. Nd6 Bxf3 23. gxf3 Nc3 24. Rd3 Rc6 25. Ne4 Ne2+ 26. Kf1 Nd4 27.
Nxc5 e5 28. Na4 Bg5 29. Nc3 g6 30. Ne2 Ne6 31. Rd5 Ra6 32. Kg2 Ra1 33. Bd3 Re1
34. b4 Be7 35. Rb5 Rd1 36. Be4 Rd2 37. Kf1 Rb2 38. Rb8+ Kg7 39. Rb7 Bxb4 40.
Bd5 Kf6 41. Rxa7 h5 42. Ra6 h4 43. h3 Rb1+ 44. Kg2 Re1 45. Ng1 Bc5 46. Rc6 Bd4
47. Bxe6 fxe6 48. Rc8 Kg7 49. Rc6 Rc1 50. Ne2 Re1 51. Ng1 Kf6 52. Rc8 Kg5 53.
Rc6 Kf6 54. Rc8 Ke7 55. Rg8 Kf7 56. Rc8 Ke7 57. Rg8 Kf7 1/2-1/2

[Event "2.Nord-West-Cup"]
[Site "?"]
[Date "2000.02.12"]
[Round "4"]
[White "Lamprecht, Mark"]
[Black "Meins, Gerlef"]
[Result "0-1"]
[WhiteElo "2140"]
[BlackElo "2421"]
[PlyCount "114"]

1. c4 e5 2. Nc3 Nf6 3. g3 Bb4 4. Bg2 O-O 5. e4 Bxc3 6. bxc3 d6 7. Ne2 a6 8. d3
b5 9. cxb5 axb5 10. O-O Be6 11. Qc2 Nfd7 12. Be3 Na6 13. f4 f6 14. h3 c6 15.
Kh2 Qa5 16. a4 b4 17. cxb4 Nxb4 18. Qd2 c5 19. Nc3 Nb8 20. Nb5 Rd8 21. fxe5
fxe5 22. h4 N8c6 23. Qe2 Na7 24. Bg5 Rd7 25. Bh3 Bxh3 26. Kxh3 Qa6 27. Qg4 Qc8
28. Qe6+ Rf7 29. Qxc8+ Nxc8 30. Rxf7 Kxf7 31. Rf1+ Kg8 32. Bd8 Rxa4 33. Nc7 Ra7
34. h5 h6 35. Kg4 Nc6 36. Ne6 Rf7 37. Ra1 Nxd8 38. Nxd8 Rd7 39. Ne6 Kf7 40. Ra8
Nb6 41. Nd8+ Kf6 42. Rb8 Na4 43. Nc6 Nc3 44. Re8 Ne2 45. Rf8+ Ke6 46. Re8+ Kf7
47. Rc8 Nd4 48. Nxd4 exd4 49. Kf5 Re7 50. g4 Re5+ 51. Kf4 Re8 52. Rc7+ Re7 53.
Rc6 Re6 54. Rc7+ Kf6 55. Rc8 g5+ 56. hxg6 Kxg6 57. Rg8+ Kf7 {Zeit} 0-1

[Event "2.Nord-West-Cup"]
[Site "?"]
[Date "2000.02.13"]
[Round "6"]
[White "Lamprecht, Mark"]
[Black "Schmitz-Jordan, Juergen"]
[Result "1-0"]
[WhiteElo "2140"]
[BlackElo "1849"]
[PlyCount "49"]

1. c4 e6 2. Nc3 d5 3. e3 Nf6 4. Nf3 Be7 5. d4 O-O 6. Qc2 Nbd7 7. Be2 b6 8. O-O
Bb7 9. b3 c5 10. cxd5 exd5 11. Bb2 Rc8 12. Rac1 Re8 13. Rfd1 Bd6 14. dxc5 bxc5
15. h3 Bb8 16. Bb5 Re6 17. Bxd7 Qxd7 18. Qf5 d4 19. Na4 Ne4 20. Rxc5 Rxc5 21.
Nxc5 dxe3 22. Rxd7 exf2+ 23. Kf1 Ng3+ 24. Kxf2 Re2+ 25. Kg1 1-0

[Event "2.Nord-West-Cup"]
[Site "?"]
[Date "2000.02.11"]
[Round "2"]
[White "Langheinrich, Elfi"]
[Black "Elbern, Thomas"]
[Result "0-1"]
[WhiteElo "1552"]
[BlackElo "1927"]
[PlyCount "74"]

1. e4 c5 2. Nc3 Nc6 3. Bc4 Nf6 4. d3 d6 5. a3 g6 6. Nf3 Bg7 7. O-O O-O 8. Qd2
a6 9. Ba2 Bd7 10. Nh4 Nd4 11. f4 e6 12. Nf3 Qc7 13. Ne2 Rac8 14. c3 Nxf3+ 15.
Rxf3 b5 16. h3 Bc6 17. Ng3 d5 18. Qe3 c4 19. dxc4 dxe4 20. Rf1 bxc4 21. Bxc4
Qb7 22. Re1 Rfd8 23. Qe2 Ra8 24. Qe3 Rd7 25. Rb1 Nd5 26. Qe2 f5 27. Nf1 Ba4 28.
g3 Kf7 29. Nd2 Re7 30. Ba2 Bc2 31. Ra1 Bd3 32. Qd1 Qb6+ 33. Kh1 Qf2 34. Bxd5
exd5 35. Nf1 Rd8 36. g4 e3 37. Bxe3 Be4+ 0-1

[Event "2.Nord-West-Cup"]
[Site "?"]
[Date "2000.02.12"]
[Round "4"]
[White "Langheinrich, Elfi"]
[Black "Hubbermann, Guenter"]
[Result "1-0"]
[WhiteElo "1552"]
[BlackElo "1104"]
[PlyCount "43"]

1. e4 e5 2. Nf3 Nc6 3. Nc3 Nf6 4. g3 d6 5. Bg2 Be6 6. d3 g6 7. Bg5 Bg4 8. O-O
Nd4 9. Nd5 Bg7 10. c3 c6 11. Nxf6+ Bxf6 12. Bxf6 Qxf6 13. cxd4 Bxf3 14. Bxf3
exd4 15. Bg2 O-O-O 16. Qb3 Qe6 17. Qa4 a6 18. Rfc1 f5 19. exf5 Qxf5 20. Rxc6+
bxc6 21. Qxc6+ Kb8 22. Qb7# 1-0

[Event "2.Nord-West-Cup"]
[Site "?"]
[Date "2000.02.12"]
[Round "5"]
[White "Langheinrich, Elfi"]
[Black "Schweitzer, Paul"]
[Result "1/2-1/2"]
[WhiteElo "1552"]
[BlackElo "1686"]
[PlyCount "101"]

1. e4 c5 2. Nc3 e6 3. d4 cxd4 4. Qxd4 Nc6 5. Qd1 a6 6. Nf3 Be7 7. Bd3 h5 8. Bd2
b5 9. a3 Nf6 10. h3 Bb7 11. Qe2 Qc7 12. Be3 b4 13. axb4 Nxb4 14. O-O Nxd3 15.
cxd3 Ng4 16. Rfc1 Nxe3 17. Qxe3 Qd8 18. Na4 O-O 19. Nc5 Bc8 20. Na4 Rb8 21. Qd2
Rb5 22. Qe2 g5 23. Nd4 Rb4 24. Nc2 Rb3 25. Nd4 Rb4 26. Nc2 Rb5 27. Nd4 Rb8 28.
Qxh5 Kg7 29. Qg4 Rh8 30. Qg3 Rb4 31. Nf3 f6 32. Nd2 Rd4 33. Qe3 e5 34. Nb3 Rb4
35. Nd2 Kg6 36. Qa7 Rb7 37. Qe3 d5 38. exd5 Qxd5 39. Qe4+ Qxe4 40. dxe4 g4 41.
hxg4 Bxg4 42. f3 Bd7 43. Rc2 Bb5 44. Nc5 Bxc5+ 45. Rxc5 Rbh7 46. Kf2 Rh1 47.
Rcc1 Rxc1 48. Rxc1 Rb8 49. b3 Rd8 50. Nc4 Rd3 51. Rb1 1/2-1/2

[Event "2.Nord-West-Cup"]
[Site "?"]
[Date "2000.02.13"]
[Round "7"]
[White "Langheinrich, Elfi"]
[Black "Kuenzler, Thomas"]
[Result "0-1"]
[WhiteElo "1552"]
[BlackElo "2051"]
[PlyCount "46"]

1. e4 Nf6 2. Nc3 d5 3. e5 Nfd7 4. d4 e6 5. Nf3 c5 6. Bf4 Nc6 7. Bb5 Qb6 8. Bxc6
bxc6 9. Rb1 cxd4 10. Qxd4 c5 11. Qd1 Ba6 12. Ne2 Be7 13. O-O O-O 14. Re1 Qc6
15. c3 Bxe2 16. Rxe2 a5 17. b3 Rfb8 18. Reb2 Rb7 19. h3 Rab8 20. Qe2 Nb6 21.
Kh2 Qd7 22. Qd2 c4 23. Qc2 Ba3 0-1

[Event "2.Nord-West-Cup"]
[Site "?"]
[Date "2000.02.10"]
[Round "1"]
[White "Langheinrich, Ferenc"]
[Black "Kyeck, Christopher"]
[Result "1-0"]
[WhiteElo "2325"]
[BlackElo "1877"]
[PlyCount "57"]

1. e4 d6 2. d4 Nf6 3. Nc3 g6 4. f3 Bg7 5. Be3 c6 6. Qd2 Nbd7 7. g4 h5 8. g5 Ng8
9. a4 Qa5 10. Ra3 e6 11. f4 Ne7 12. Bd3 e5 13. dxe5 dxe5 14. f5 gxf5 15. exf5
Nd5 16. Ne4 Qxd2+ 17. Kxd2 Bf8 18. Ra1 N7b6 19. a5 Nxe3 20. axb6 Nxf5 21. Rxa7
Rb8 22. Nf3 Be6 23. Nf6+ Kd8 24. Bxf5 Bxf5 25. Nxe5 Be6 26. Kc1 Bc5 27. Nxc6+
bxc6 28. Rd1+ Bd5 29. Nxd5 1-0

[Event "2.Nord-West-Cup"]
[Site "?"]
[Date "2000.02.11"]
[Round "3"]
[White "Langheinrich, Ferenc"]
[Black "Tschetschelnizki, Boris"]
[Result "1-0"]
[WhiteElo "2325"]
[BlackElo "2272"]
[PlyCount "113"]

1. e4 e6 2. d4 d5 3. Nc3 Bb4 4. e5 Ne7 5. a3 Bxc3+ 6. bxc3 b6 7. a4 Ba6 8. Bxa6
Nxa6 9. a5 Nb8 10. Nh3 Nbc6 11. Nf4 g6 12. axb6 axb6 13. Rxa8 Qxa8 14. O-O Qa4
15. h4 h5 16. Nh3 Nf5 17. Bg5 Kd7 18. Qd3 Ra8 19. f3 Qc4 20. Qxc4 dxc4 21. g4
Nfe7 22. gxh5 gxh5 23. Nf4 Rh8 24. Bf6 Rh7 25. Kf2 Nd5 26. Nxd5 exd5 27. Rg1 b5
28. Ke3 b4 29. cxb4 Nxb4 30. c3 Nd3 31. f4 c5 32. f5 cxd4+ 33. cxd4 Nb4 34. Kd2
Nc6 35. Kc3 Na7 36. Kd2 Nb5 37. Ke3 Nc7 38. Ra1 Kc6 39. Ra5 Nb5 40. Ra8 Kc7 41.
Re8 c3 42. Ra8 Kc6 43. Rc8+ Nc7 44. Bd8 Kd7 45. Rxc7+ Kxd8 46. Rxc3 Rg7 47. Rc5
Rg3+ 48. Kf2 Rg4 49. Rxd5+ Ke7 50. f6+ Ke6 51. Rd6+ Kf5 52. Rd7 Rxh4 53. Rxf7
Rxd4 54. Re7 Kg6 55. Ke3 Rd1 56. f7 Rf1 57. e6 1-0

[Event "2.Nord-West-Cup"]
[Site "?"]
[Date "2000.02.10"]
[Round "1"]
[White "Langrock, Hannes"]
[Black "Langheinrich, Elfi"]
[Result "1-0"]
[WhiteElo "2135"]
[BlackElo "1552"]
[PlyCount "117"]

1. e4 e5 2. Nf3 Nc6 3. d4 exd4 4. Nxd4 d6 5. Nc3 Bd7 6. Be3 Nf6 7. f3 Be7 8.
Qd2 O-O 9. Be2 a6 10. g4 b5 11. g5 Ne8 12. f4 Nxd4 13. Bxd4 f5 14. exf5 Bxf5
15. Bf3 c5 16. Be3 Rb8 17. O-O-O Kh8 18. Nd5 b4 19. Rhe1 Rf7 20. Bh5 g6 21. Be2
Qa5 22. Bc4 Bg4 23. Bd4+ cxd4 24. Qxd4+ Rg7 25. Rxe7 Bxd1 26. Kxd1 Qc5 27. Re4
a5 28. Kc1 Rc8 29. Qxc5 dxc5 30. Nf6 Nd6 31. Bd5 Nxe4 32. Bxe4 Rd8 33. Bd5 Re7
34. c4 bxc3 35. bxc3 Re2 36. h4 Rf2 37. c4 Rxf4 38. Kc2 Rxh4 39. Kb3 Rh3+ 40.
Ka4 Rb8 41. a3 Kg7 42. Nd7 Rbb3 43. Kxa5 Rxa3+ 44. Kb5 Rhg3 45. Nxc5 Rxg5 46.
Ne6+ Kf6 47. Nxg5 Kxg5 48. c5 Rc3 49. Kc6 Kf4 50. Kd6 g5 51. c6 h5 52. c7 g4
53. Bc6 g3 54. c8=Q Rxc6+ 55. Qxc6 Kg4 56. Qg2 h4 57. Ke5 h3 58. Qe4+ Kg5 59.
Qf4+ 1-0